000 00442nam a2200133Ia 4500
008 200910s9999 xx 000 0 und d
020 _a978-113-85-5819-9
100 _aShoemaker, Dan
245 _cDan Shoemaker, Anne Kohnke, Ken Sigler
_aHow to build a cyber-resilient organization/
260 _aQuezon City:
_bC and E Publishing, Inc.
_c2019
300 _axxi, 296 pages
_c24 cm.
650 _aComputer security
650 _aRisk management
999 _c364168
_d364168